|
|
|
|
| LEADER |
00000nam0a2200000 4500 |
| 001 |
675212 |
| 005 |
20241212123938.0 |
| 035 |
|
|
|a (RuTPU)RU\TPU\book\323395
|
| 090 |
|
|
|a 675212
|
| 100 |
|
|
|a 20241007d1972 k||y0rusy50 ca
|
| 101 |
0 |
|
|a rus
|
| 102 |
|
|
|a RU
|
| 105 |
|
|
|a a z 001zy
|
| 181 |
|
0 |
|a i
|b e
|
| 182 |
|
0 |
|a n
|
| 183 |
|
0 |
|a nc
|2 RDAcarrier
|
| 200 |
1 |
|
|a Разработка и исследование металлургических процессов извлечения благородных и редких металлов из руд и концентратов
|e [сборник]
|f Иркутский государственный научно-исследовательский институт редких и цветных металлов ИРГИРЕДМЕТ; гл. ред. А. С. Синакевич
|
| 203 |
|
|
|a Текст
|b визуальный
|c непосредственный
|
| 210 |
|
|
|a Иркутск
|c Восточно-Сибирское книжное изд-во
|d 1972
|
| 215 |
|
|
|a 190 с.
|c ил.
|
| 225 |
|
|
|a Научные труды
|v Вып. 27
|
| 283 |
|
|
|a volume
|2 RDAcarrier
|
| 320 |
|
|
|a Библиография в конце статей
|
| 606 |
1 |
|
|a Благородные металлы
|x Металлургия
|9 46913
|
| 606 |
1 |
|
|a Редкие металлы
|x Металлургия
|x Технологическое проектирование
|9 48631
|
| 610 |
1 |
|
|a золото
|
| 610 |
1 |
|
|a цианирование
|
| 610 |
1 |
|
|a ионообменные процессы
|
| 610 |
1 |
|
|a сточные воды
|
| 610 |
1 |
|
|a использование
|
| 610 |
1 |
|
|a гидрометаллургия
|
| 610 |
1 |
|
|a обезвоживание
|
| 610 |
1 |
|
|a окислительный обжиг
|
| 610 |
1 |
|
|a хлоридовозгонка
|
| 610 |
1 |
|
|a гидрохлорирование
|
| 610 |
1 |
|
|a выщелачивание
|
| 675 |
|
|
|a 669.21/.23
|v 4
|
| 675 |
|
|
|a 669.85/.86
|v 4
|
| 702 |
|
1 |
|a Синакевич
|b А. С.
|4 340
|
| 712 |
0 |
2 |
|a Иркутский государственный научно-исследовательский институт редких и цветных металлов
|c 1946-
|9 88671
|
| 801 |
|
1 |
|a RU
|b 63413507
|c 20241007
|
| 801 |
|
2 |
|a RU
|b 63413507
|c 20170627
|g RCR
|
| 830 |
|
|
|a Ретро2024Продолжающиеся
|
| 850 |
|
|
|a 63413507
|
| 942 |
|
|
|c CR
|